000 01567nam a2200265Ia 4500
999 _c56013
_d56013
001 23113
003 GE_BSU
005 20230710170824.0
008 181216s2004||||ge |||||||||||||| ||geo||
020 _a9992871520
040 _cGE_BSU
041 _ageo
080 _a821.111(73)-4 ლ-85
100 _aლორენსი, დ. ჰ.
_919225
245 _aესეები კლასიკური ამერიკული ლიტერატურის შესახებ = Studies in classic Amerikan literature /
_cდ. ჰ. ლორენსი ; ინგლ. თარგმნა თამარ კოტრიკაძემ ; რედ. : ჰამლეტ ზუკაკიშვილი, შოთა იათაშვილი ; მხატვ. გიორგი წერეთელი.
264 _aთბილისი :
_bკავკ. სახლი,
_c2004.
300 _a207გვ. ;
_c20 სმ.
541 _h7 ლ.
653 _aესეები კლასიკური ამერიკული ლიტერატურის შესახებ = Studies in classic Amerikan literature
700 _aკოტრიკაძე, თამარ
_eმთარგმნელი
_918851
700 _aზუკაკიშვილი, ჰამლეტ
_eრედაქტორი
_919226
700 _aიათაშვილი, შოთა
_eრედაქტორი
_92461
700 _aწერეთელი, გიორგი
_eმხატვარი
_919227
942 _cBK
_2udc